00780nam a2200217Ia 4500952011000000999001700110008004100127020001500168050002300183100002500206245009000231250002100321260003600342300001900378519004400397650003100441650001600472650002100488700004600509942000700555 00104070a11b11d2010-02-10l1oLB885 G5718 2003p11 008301r2013-06-13s2013-06-13t1w2012-06-26yLB c72461d72461120626s9999 xx 000 0 und d a9682317924 aLB885 bG5718 2003 aGiroux, Henryeautor aTeoría y resistencia en educación c/ Henry, Giroux.: prologuista: Paulo, Freire  a5a. educación  aMéxico b: Siglo XXIc, 2003  a329 páginas  aMaterial Complementario / d(11 008301) 0aEDUCACIÓN - FILOSOFÍA  0aPOSITIVISMO 0aSOCIALIZACIÓN  aFreire, Paulo d1921 - 1997 eprologuista cLB